Magnitnyje metalličeskije plenki v mikroelektronik

Gespeichert in:
Bibliographische Detailangaben
1. Verfasser: Ivanov, R.D (Verfasst von)
Format: Buch
Sprache:Russisch
Veröffentlicht: Moskva : Sovetskoje radio, 1980
Tags: Tag hinzufügen
Keine Tags, Fügen Sie das erste Tag hinzu!

MARC

LEADER 00000nam a22000003a 4500
001 stu142486
005 20150617225929.2
008 070618s1980------------------------rus-d
040 |a STU  |b slo 
041 0 |a rus 
080 |a 621.318.1  |7 stu_us_auth*stu6899 
080 |a 539.23 
080 |a 621.382.049.75 
100 1 |a Ivanov, R.D.  |4 aut 
245 1 |a Magnitnyje metalličeskije plenki v mikroelektronik 
260 |a Moskva :  |b Sovetskoje radio,  |c 1980 
300 |a 190 s 
996 |b E46634  |c E*46634  |l EE05  |s P  |a 0  |w stu142486_0001 
996 |b E46629  |c E*46629  |l EE05  |s P  |a 0  |w stu142486_0002